000 00412nam a22001697a 4500
005 20180319121838.0
008 160525b xxu||||| |||| 00| 0 eng d
020 _a81-259-1168-5
041 _aeng
082 _b4900
_a336.54
100 _aMachiraju, H.R.
_9354
245 _aIndian Financial System
260 _aNew Delhi
_bAcademic Faundation
300 _a19.18
650 _aManagement
_9241
942 _cBK
999 _c1711
_d1710